000 00406nam a2200145 a 4500
005 20140412111306.0
008 001109s19uu xx 00 eng d
050 _aER
_bMo74
245 _aThe Mother goose book /
_cby Bonnie and Bill Rutherford.
260 _aRacine, Wiscosin :
_bMerrigold Press,
_c1973.
300 _a23 p. ; ill.
650 _aPoetry for children
650 _aRhymes
999 _c103700
_d103700